Social costs and sustainable mobility : strategies and experiences in Europe and the United States

Saved in:
Bibliographic Details
Other Authors: Rennings, Klaus (Editor), Hohmeyer, Olav 1953- (Editor), Ottinger, Richard L. (Richard Lawrence) 1929- (Editor)
Format: Book
Language:English
Published: Heidelberg; New York : Mannheim : Physica-Verlag, 2000
Series:ZEW economic studies ; ; 7
Subjects:
Tags: Add Tag
No Tags, Be the first to tag this record!

MARC

LEADER 00000nam a2200000 i 4500
001 1/43482
008 031026s2000 eng d
020 |a 3-7908-1260-9 
035 |l 10071365 
040 |a GR-MY-UA  |b gre  |e aacr 
041 0 |a eng 
082 0 |a 363.731  |2 (21) 
245 1 0 |a Social costs and sustainable mobility :  |b strategies and experiences in Europe and the United States /  |c K. Rennings, O. Hohmeyer, R.L. Ottinger (editors) 
260 |a Heidelberg; New York :   |a Mannheim :   |b Physica-Verlag,   |c 2000 
300 |a vi, 212 σ.;  |b εικ.;  |c 24 εκ. 
490 1 |a ZEW economic studies  |v ; 7 
500 |a Εισηγήσεις από το συνέδριο "4th International Social Cost and Sustainability Conference" που έγινε στην Νέα Υόρκη 
504 |a Περιέχει βιβλιογραφία και ευρετήριο 
650 0 0 |a Transportation  |x Social aspects  |z Europe  |x Congresses. 
650 0 0 |a Transportation  |x Social aspects  |z United States  |x Congresses. 
650 0 0 |a Transportation  |x Environmental aspects  |z Europe  |x Congresses. 
650 0 0 |a Transportation  |x Environmental aspects  |z United States  |x Congresses. 
650 0 0 |a Transportation and state  |z Europe  |x Congresses. 
650 0 0 |a Transportation and state  |z United States  |x Congresses. 
650 0 0 |a Externalities (Economics)  |x Congresses. 
700 1 |a Rennings, Klaus.  |4 edt 
700 1 |a Hohmeyer, Olav  |d 1953-  |4 edt 
700 1 |a Ottinger, Richard L.  |q (Richard Lawrence)  |d 1929-  |4 edt 
830 0 |a ZEW economic studies ;  |v ; 7 
852 |a INST  |b LESVOS  |e 20031026  |h 363.731 SOC  |p 005100029629  |q 005100029629  |t BK  |y 0 
901 |a BIBL1-2004-1 
909 |a Λ  |b 106597 
922 |a 1ΕΛΗ  |b 200310  |c ΤΑΚ/ΤΠ  |d ΠΑΠΑΣΩΤΗΡΙΟΥ 
950 |a 107-2003-09-02 
970 |a ΤΖΑΦΕΡΗ  |b ΕΥΑΓΓΕΛΙΑ  |z 2004/01/20